| 000 | 01562nam a2200289Ia 4500 | ||
|---|---|---|---|
| 003 | OSt | ||
| 005 | 20251127110205.0 | ||
| 008 | 008 250103s9999 xx 000 0 eng d | ||
| 020 | _a9789386551429 | ||
| 037 | _aTextbook | ||
| 040 |
_aCSL _beng _cCSL |
||
| 041 |
_aeng _2eng |
||
| 084 |
_aD65 8(B)92CL _qCSL |
||
| 100 |
_aKanetkar, Yashavant _9731823 |
||
| 245 | 0 |
_a101 challenges in C programming _c/ by Yashavant Kanetkar and Aditya Kanetkar |
|
| 260 |
_aNew Delhi _bBPB Publisher _c2017 |
||
| 300 | _a: ill. | ||
| 520 | _aAbout the Book: 101 Challenges in C Programming Often one thinks that one knows C programming and moves on to learning languages like C++, Java or Python. That is perhaps a mistake. Unless you have a through grinding and sufficient exposure to all features of C programming, you are likely to find yourself an incomplete programmer. To address this precise issue Yashavant and Aditya have crafted well thought out 101C Programming Challenges their complete solution sample runs and explanation. These Challenges would test and improve your knowledge in every aspect of C Programming. Contents: Chapter 1: Basic Control Flow challenges Chapter 2: Decision Making challenges Chapter 3: Looping | ||
| 650 |
_a Array Challenges _9734058 |
||
| 650 |
_a Function challenges _9734059 |
||
| 650 |
_a Looping challenges _9734060 |
||
| 650 |
_aStatistics _9853123 |
||
| 700 |
_aKanetkar, Yashavant _9853124 |
||
| 700 |
_aKanetkar, Aditya _9853125 |
||
| 942 |
_cTB _hD65 8(B)92CL _2CC _n0 |
||
| 999 |
_c1237812 _d1237812 |
||